Joshemari (Usandizaga) y la bella época donostiarra / (Record no. 26257)

MARC details
000 -LEADER
campo de control de longitud fija 00723nam a2200193 i 4500
001 - NÚMERO DE CONTROL
campo de control 26257
003 - IDENTIFICADOR DE NÚMERO DE CONTROL
campo de control ES-MaACL
005 - FECHA Y HORA DE LA ÚLTIMA TRANSACCIÓN
campo de control 20250909225701.0
008 - DATOS DE LONGITUD FIJA--INFORMACIÓN GENERAL
campo de control de longitud fija 030108s1969 sp af |||| |bspa d
100 1# - ENTRADA PRINCIPAL--NOMBRE DE PERSONA
Nombre de persona Arozamena, Jesús María de.
9 (RLIN) 23173
245 10 - MENCIÓN DEL TÍTULO
Título Joshemari (Usandizaga) y la bella época donostiarra /
Mención de responsabilidad, etc. Jesús Mª de Arozamena ; carta prólogo de María Martínez Sierra.
250 ## - MENCION DE EDICION
Mención de edición 1ª ed.
260 ## - PUBLICACIÓN, DISTRIBUCIÓN, ETC.
Lugar de publicación, distribución, etc. San Sebastián :
Nombre del editor, distribuidor, etc. [Caja de Ahorros Municipal],
Fecha de publicación, distribución, etc. 1969 (
Fabricante Gráf. Izarra)
300 ## - DESCRIPCIÓN FÍSICA
Extensión 395 p., 4 lám. :
Otras características físicas il. ;
Dimensiones 26 cm.
600 17 - PUNTO DE ACCESO ADICIONAL DE MATERIA--NOMBRE DE PERSONA
Nombre de persona Usandizaga, José María,
Fechas asociadas al nombre 1887-1915
Fuente del encabezamiento o término
9 (RLIN) 139050
700 1# - ENTRADA AGREGADA--NOMBRE PERSONAL
Nombre de persona Martínez Sierra, María,
Fechas asociadas al nombre 1874-1974
9 (RLIN) 78430
852 ## - LOCALIZACIÓN
Ubicación ES-MaACL
Número de control de estantería C-37544
Holdings
Estatus retirado Estado de pérdida Estado de daño No para préstamo Biblioteca de origen Biblioteca actual Ubicación en estantería Fecha de adquisición Fuente de adquisición Total de préstamos Signatura topográfica completa Código de barras Visto por última vez Precio de reemplazo Tipo de ítem Koha
        Biblioteca del Ateneo de Madrid Biblioteca del Ateneo de Madrid Depósito 2 17/01/2008     C-37544 1027097 23/02/2023 23/02/2023 Libro impreso